Diccionario alemán-español, español-alemán

Zapisane w:
Opis bibliograficzny
1. autor: Martínez Amador, Emilio María (autor)
Format: Książka
Język:hiszpański
niemiecki
Wydane: Barcelona Ramón Sopena 1978
Hasła przedmiotowe:
Etykiety: Dodaj etykietę
Nie ma etykietki, Dołącz pierwszą etykiete!

MARC

LEADER 00000nam a2200000 a 4500
001 UCO4944
003 CL-VaPUC
008 000825e19780000SP |||||||||||||||||spa|d
041 0 7 |a spa  |2 CL-VaPUC 
041 0 7 |a ger  |2 CL-VaPUC 
082 0 4 |a 433.61  |b MAR  |2 21 
100 |a Martínez Amador, Emilio María  |e autor  |9 557086 
245 1 0 |a Diccionario alemán-español, español-alemán 
246 1 0 |a Deutsch-spanisches, spanisch-deutsches Wörterbuch 
300 |a 1616 p 
942 |c BK 
945 |d 20000825 00:00:00  |a crobeson 
260 |a Barcelona  |b Ramón Sopena  |c 1978 
650 0 |a Español  |9 255372 
650 0 |a Alemán   |9 330722 
650 0 |a Diccionarios  |9 256200 
650 0 |a Glosarios  |9 261047 
583 |a last modification  |c 20000825 00:00:00  |k Rodrigo Vera 
999 |c 290903  |d 290901 
952 |0 0  |1 0  |4 0  |6 433_610000000000000_MAR_1978  |7 0  |8 F  |9 340518  |a BIBART  |b BIBART  |d 2019-11-20  |i 1217143  |o 433.61 MAR 1978  |p 1217143  |r 2025-03-13  |w 2019-11-20  |y BK_F  |k ART